Emerging markets crisis an asset markets perspective

Salvato in:
Dettagli Bibliografici
Autore principale: Caballero, Ricardo J.
Altri autori: Krishnamuthy, Arvind
Natura: Libro
Lingua:inglese
Pubblicazione: Washington International Monetary Fund 1999
Serie:IMF Working Paper WP/99/129
Soggetti:
Tags: Aggiungi Tag
Nessun Tag, puoi essere il primo ad aggiungerne!!

MARC

LEADER 00000nam a2200000 4500
001 c123792
005 20221221082211.3
041 0 |a eng 
044 |a US 
245 1 0 |a Emerging markets crisis  |b an asset markets perspective  |c Ricardo J. Caballero and Arvind Krishnamuthy 
264 1 |a Washington  |b International Monetary Fund  |c 1999 
300 |a 53 s. 
490 1 |a IMF Working Paper  |v WP/99/129 
830 0 |a IMF Working Paper  |v WP/99/129 
610 2 0 |a trh peňažný medzinárodný 
610 2 0 |a záruka 
610 2 0 |a rozhodovanie 
100 1 |a Caballero, Ricardo J. 
700 1 |a Krishnamuthy, Arvind